000 00586nam a2200181Ia 4500
008 151018s9999 xx 000 0 und d
082 _bRBASDV37094
_a891.461
100 _aमंगेश पाडगांवकर
245 _aसंहिता
250 _b3
260 _bकॉन्टिनेन्टल प्रका. पुणे
_c1994
300 _a221
600 _aमंगेश पाडगांवकर
630 _aसंहिता
700 _aमंगेश पाडगांवकर
730 _aसंहिता
942 _cBOOK
999 _c1036541
_d1036538